000 01628cam a2200409 i 4500
999 _c21525
_d21525
001 17056819
003 OSt
005 20200615153803.0
008 111125s2011 ii b 001 0 eng
010 _a 2011350816
020 _a9780198075134
020 _a0198075138
025 _aI-E-2011-350816; 68-92
037 _bLibrary of Congress -- New Delhi Overseas Office
040 _aDLC
_beng
_coclc
_dDLC
_erda
042 _alcode
_apcc
043 _aa-ii---
050 0 0 _aGN635.I4
_bS492 2011
082 _a305.800954
_bSIN/D
100 _aSingh, K S
_d1935-2006.
_92933
240 1 0 _aEssays.
_kSelections
245 1 0 _aDiversity, identity, and linkages :
_bexplorations in historical ethnography /
_cK.S. Singh.
264 1 _aNew Delhi :
_bOxford University Press,
_c2011.
300 _axii, 156 pages ;
_c22 cm.
336 _atext
_2rdacontent
337 _aunmediated
_2rdamedia
338 _avolume
_2rdacarrier
490 0 _aOxford collected essays
504 _aIncludes bibliographical references (pages 136-143) and index.
650 0 _aEthnohistory
_zIndia.
856 4 2 _3Contributor biographical information
_uhttp://www.loc.gov/catdir/enhancements/fy1208/2011350816-b.html
856 4 2 _3Publisher description
_uhttp://www.loc.gov/catdir/enhancements/fy1208/2011350816-d.html
856 4 1 _3Table of contents only
_uhttp://www.loc.gov/catdir/enhancements/fy1208/2011350816-t.html
906 _a7
_bcbc
_corigode
_d3
_encip
_f20
_gy-gencatlg
942 _2ddc
_cBK
_h305.800954
_iSIN/D
_k305.800954
_mSIN/D